000 00852nam a22003257a 4500
001 BR0505400
003 BR-BrBNA
005 20230928102043.0
007 ta
008 230509b bl.||||| |||| 00| 0 por d
040 _aBR-BrBNA
_bpor
_cBiblioteca Nacional de Agricultura
041 _a(Por)
072 _aP01
_b8891
090 _ 8891 BR0505400
100 1 _aMello, M.T. de
245 1 _aAnimais ameaçados de extinção
260 3 _aBrasília, DF (Brasil):
_c1996.
300 _a67 p.
500 _aBibliography p. 59-67; 9 illus.
650 _aMEIO AMBIENTE
650 _aANIMAL SELVAGEM
650 _aESPÉCIE EM EXTINÇÃO
650 _aFAUNA
650 _aFLORA
650 _aPRESERVAÇÃO DA NATUREZA
650 _aPROTEÇÃO AMBIENTAL
650 _aLEGISLAÇÃO
909 _a202309
_bLucia
_c55
_dLucia Elande
942 _cBK
999 _c68911
_d68911